000
00355nam a2200157Ia 4500
100
_a
Johnsonbaugn/R/ Kalin/ Martin
250
_a
3
942
_c
BK
654
_a
programming
245
_a
Applications programming In Ansi C
260
_b
Prentice Hall
_a
New york
_c
1996
082
_a
5.13
_b
JOH
300
_a
875
546
_a
ENGLISH
999
_c
18442
_d
18442